ბათუმის შოთა რუსთაველის სახელმწიფო უნივერსიტეტის ბიბლიოთეკა

ილიადა / (ბიბ.ჩანაწერი № 59085)

000 -ლიდერი
ფიქსირებული სიგრძის საკონტროლო ველი 01098nam a22002057a 4500
003 - საკონტროლო ნომრის იდენტიფიკატორი
საკონტროლო ველი Ge_BSU
005 - ბოლო ოპერაციის თარიღი და დრო
საკონტროლო ველი 20221122142712.0
008 - ფიქსირებული სიგრძის მონაცემთა ელემენტები - ზოგადი ინფორმაცია
ფიქსირებული სიგრძის საკონტროლო ველი 221122s1979ge xxu||||| |||| 00| 0 geo d
041 ## - ენის კოდი
Language code of text/sound track or separate title geo
080 ## - უნივერსალური ათობითი კლასიფიკაციის ინდექსი
Universal Decimal Classification number 821.14'01-13 ჰ-80
100 ## - მთავარი ჩანაწერი - პიროვნების სახელი
Personal name ჰომეროსი, ავტ.
9 (RLIN) 15985
245 ## - ცნობა სათაურის შესახებ
Title ილიადა /
Statement of responsibility, etc ჰიმეროსი, [ძველბერძნულიდან თარგმნა, წინასიტყვ. და შენიშვნები დაურთო რ. მიმინოშვილმა ; რედ. ბ. ბრეგვაძე]
264 ## - წარმოების, გამოცემის, დისტრიბუციის და სხვა ცნობები
გამოცემის, წარმოების, დისტრიბუციის... ადგილი თბილისი :
გამოცემის, წარმოების, დისტრიბუციის... სახელწოდება საბჭოთა საქართველო,
გამოცემის, წარმოების, დისტრიბუციის... თარიღი 1979.
300 ## - ფიზიკური აღწერა
Extent 570 გვ. ;
Other physical details 20 სმ.
440 ## - სერიის ცნობა / დამატებულია ჩანაწერი - სათაური
Title მსოფლიო ლიტერატურის ბიბლიოთეკა ; ტ. 2. 1 სერია
9 (RLIN) 15986
653 ## - INDEX TERM--UNCONTROLLED
Uncontrolled term ილიადა
700 ## - ADDED ENTRY--PERSONAL NAME
Personal name მიმინოშვილი, რ
Relator term მთარგმნელი
9 (RLIN) 15987
700 ## - ADDED ENTRY--PERSONAL NAME
Personal name ბრეგვაძე, ბ
Relator term რედაქტორი
9 (RLIN) 15988
942 ## - ADDED ENTRY ELEMENTS (KOHA)
Source of classification or shelving scheme
Koha item type წიგნი
ეგზემპლარები
ჩამოწერის სტატუსი დაკარგული ეგზემპლარის სტატუსი კლასიფიკაციის წყარო ან თაროზე გაწყობის სქემა დაზიანების სტატუსი არ გაიცემა მუდმივი მდებარეობა (დაცვის ადგილი) ამჟამინდელი ადგილსამყოფელი თაროზე განთავსების ადგილი შეძენის თარიღი ღირებულება, შესყიდვის ნორმალური ფასი სრული შენახვის შიფრი შტრიხკოდი ბოლო ოპერაციის თარიღი ეგზემპლარის მიმდევრობითი ნომერი (კეტერი?) ფასის ძალაში შესვლის თარიღი ეგზემპლარის სახეობა საჯარო შენიშვნა Uniform Resource Identifier
          ბათუმის შოთა რუსთაველის სახელმწიფო უნივერსიტეტის მთავარი ბიბლიოთეკა ბათუმის შოთა რუსთაველის სახელმწიფო უნივერსიტეტის მთავარი ბიბლიოთეკა წიგნსაცავი 2022-11-22 8.00 821.14'01-13 ჰ-80 63149 2022-11-22 63149 2022-11-22 წიგნი 8.00  
          ბათუმის შოთა რუსთაველის სახელმწიფო უნივერსიტეტის მთავარი ბიბლიოთეკა ბათუმის შოთა რუსთაველის სახელმწიფო უნივერსიტეტის მთავარი ბიბლიოთეკა წიგნსაცავი 2023-03-29 8.00 821.14'01-13 ჰ-80 64148 2023-03-29 64148 2023-03-29 წიგნი 8.00 ბსუ-ს საპატიო დოქტორის გურამ ლორთქიფანიძის საჩუქარი